000
00303pam a2200133 a 4500
020
_c
041
_h
082
_a
658.40800000000002
_b
MAY
100
_a
Maylor,H.
245
_a
Project Management
_h
Textual Documents
260
_a
New Delhi
_b
Pearson Education
_c
2011
300
_a
411
930
_a
8240
999
_c
115067
_d
115067